Stalin-monivalinta - Statistics

Yleistilastot
  • Tätä visaa on pelattu 93 kertaa
    26 viimeisimmän päivityksen jälkeen
  • Keskiarvotulos 9 / 13
Vastaustilastot
Kysymys Vastaus % Oikein
Mikä oli Stalinin kuolinsyy? Sairaskohtaus
96%
Kuka seuraavista oli Stalinin merkittävin poliittinen vastustaja? Lev Trotski
92%
Minä vuonna Stalin kuoli? 1953
88%
Millä nimellä kutsuttiin Stalinin aikaisia vanki- ja pakkotyöleirejä? Gulag
88%
Kuka seurasi Stalinia Neuvostoliiton johtajana? Nikita Hruštšov
88%
Mistä maasta Stalin oli kotoisin? Georgia
80%
Mikä venäläinen kaupunki nimettiin Stalinin mukaan Stalingradiksi? Volgograd
76%
Millä nimellä tunnetun nälänhädän Stalin aiheutti toimillaan Ukrainassa 1932-1933? Holodomor
72%
Mihin ammattiin Stalin alun perin kouluttautui? Papiksi
52%
Keitä olivat Stalinin vastustajinaan pitämät kulakit? Talonpoikia
52%
Kuinka monta lasta Stalinilla on? 3
44%
Mitä Stalinin pojalle tapahtui toisen maailmansodan aikana? Stalin jätti hänet sotavankeuteen
36%
Mitä salanimeä Stalin käytti? Koba
32%
Ehtoja vastaavia visoja ei löytynyt
Tulosjakauma
Jokaisen tuloksen saaneiden osuus
Persentiili vastausten määrän mukaan
Tuloshistoriasi
Et ole pelannut tätä visaa sen viimeisimmän päivityksen jälkeen